| 000 | 00506nam a22001937a 4500 | ||
|---|---|---|---|
| 003 | MPLRDC | ||
| 005 | 20220104143603.0 | ||
| 008 | 210129b ||||| |||| 00| 0 eng d | ||
| 020 | _a7-5613-1965-7 | ||
| 082 | _a873.57 HIL | ||
| 100 | _aJAMES HILTON | ||
| 245 |
_a消失的地平线 _c罗尘编译 |
||
| 250 | _a第一版 | ||
| 260 |
_a中国 _b陕西师范大师出版社 _c1999 |
||
| 300 | _b平 | ||
| 490 | _a发现西藏书系 | ||
| 650 | _a英国文学--长篇小说 | ||
| 942 |
_cBK _o873.57 HIL |
||
| 999 |
_c41371 _d41361 |
||